The affluent society

Sábháilte in:
Sonraí bibleagrafaíochta
Príomhchruthaitheoir: Galbraith, John Kenneth (Údar)
Formáid: LEABHAR
Teanga:Béarla
Foilsithe / Cruthaithe: Londres Hamish Hamilton 1958
Ábhair:
Clibeanna: Cuir clib leis
Níl clibeanna ann, Bí ar an gcéad duine le clib a chur leis an taifead seo!

MARC

LEADER 00000nam a2200000 a 4500
001 UCT8205
003 CL-VaPUC
008 970326e19580000UK |||||||||||||||||eng|d
082 0 4 |a 330.01  |b GAL  |2 21 
100 |a Galbraith, John Kenneth  |e author  |9 591930 
245 1 4 |a The affluent society 
300 |a 288 p 
942 |c BK 
945 |d 19970326 00:00:00  |a nastorga 
260 |a Londres  |b Hamish Hamilton  |c 1958 
650 0 |a Economía   |9 255568 
650 0 |a Desarrollo social  |9 264534 
650 7 |a SEGURIDAD ECONOMICA  |2 CL-VaPUC  |9 379781 
650 0 |a Consumidores  |9 315658 
650 0 |a Oferta y demanda  |9 255571 
583 |a last modification  |c 20160307 12:28:19  |k Rodrigo Vera 
999 |c 256726  |d 256724 
952 |0 0  |1 0  |4 0  |6 330_010000000000000_GAL_1958  |7 0  |8 P  |9 279638  |a BIBGIM  |b BIBGIM  |d 2019-11-19  |i 3277321  |o 330.01 GAL 1958  |p 3277321  |r 2025-01-15  |w 2019-11-19  |y BK  |k GIM